000 00835cam a2200277 a 4500
001 2824334
003 OSt
005 20231104094205.0
008 831017s1984 nyua b 001 0 eng
010 _a 83022227
020 _a007100288x
_c$24.95
040 _aDLC
_cDLC
_dDLC
050 1 0 _aRC630
_b.R67 1989
060 _aWD 220 R795c
082 0 0 _aQT 104 R72c 1989
_219
100 1 _aRose, Burton David,
_916550
245 1 0 _aClinical Physiology of Acid-base and Electrolyte Disorders
260 _aNew York :
_bMcGraw-Hill,
_cc1989
300 _ax, 853 p. :
_bill. ;
_c24 cm.
504 _aIncludes bibliographical references and index.
650 0 _aPhysiology
_916551
650 0 _aElectrolyte imbalances.
_92730
650 0 _aKidneys.
_916552
906 _a7
_bcbc
_corignew
_d1
_eocip
_f19
_gy-gencatlg
942 _2z
_cO_SHELF
999 _c8113
_d8113